Normal view
MARC view
- Stockton, Shelly J.,
Entry Personal Name
001 - CONTROL NUMBER
- control field: 5828
003 - CONTROL NUMBER IDENTIFIER
- control field: URS
005 - DATE AND TIME OF LATEST TRANSACTION
- control field: 20240619201911.0
008 - FIXED-LENGTH DATA ELEMENTS
- fixed length control field: 240619|| aca||aabn | a|a d
040 ## - CATALOGING SOURCE
- Original cataloging agency: URS
100 ## - HEADING--PERSONAL NAME
- Personal name: Stockton, Shelly J.,
- Relator term: author.


































